| 000 | 00370pab a2200145 454500 | ||
|---|---|---|---|
| 008 | 180718b1988 xxu||||| |||| 00| 0 eng d | ||
| 100 | _aSegal, Uma A. | ||
| 245 |
_aCareer choice correlates _bAn Indian perspective |
||
| 260 | _c1988 | ||
| 300 | _a337-48 | ||
| 362 | _aOct. | ||
| 650 | _aCareer Service - India | ||
| 773 | _aIndian Journal of Social Work | ||
| 909 | _a5163 | ||
| 999 |
_c5163 _d5163 |
||